Food Freezing: Today and Tomorrow /

Gespeichert in:
Bibliographische Detailangaben
1. Verfasser: Bald, William Balfour (Verfasst von)
Format: Buch
Sprache:Englisch
Veröffentlicht: London : Springer Verlag, 1991
Schriftenreihe:Springer Series in Applied Biology
Tags: Tag hinzufügen
Keine Tags, Fügen Sie das erste Tag hinzu!

MARC

LEADER 00000nam a22000003a 4500
001 stu22155
005 20150617225750.9
008 940125s1991----uk------------------eng-d
020 |a 3-540-19668-4 
040 |a STU  |b slo 
041 0 |a eng 
044 |a uk 
080 |a 664.8.037.5 
100 1 |a Bald, William Balfour  |4 aut 
245 1 |a Food Freezing: Today and Tomorrow /  |c [aut.]Bald,William Balfour 
260 |a London :  |b Springer Verlag,  |c 1991 
300 |a 203 s :  |b Obr.,tab.,grafy,lit.,index 
830 0 |a Springer Series in Applied Biology 
996 |b C92482  |c C*92482  |l CCX  |s P  |a 0  |w stu22155_0001